[Event "Condino op 12th"]
[Site "Condino"]
[Date "2012.07.24"]
[Round "3"]
[White "Sanzani, Pierluigi"]
[Black "Simoni, Giulio"]
[Result "1-0"]
[WhiteElo "1859"]
[BlackElo "1679"]
[PlyCount "125"]
[EventDate "2012.07.22"]
[EventType "swiss"]
[EventRounds "7"]
[EventCountry "ITA"]
[SourceTitle "CBM 149 Extra"]
[Source "ChessBase"]
[SourceDate "2012.08.24"]
[SourceVersion "1"]
[SourceVersionDate "2012.08.24"]
[SourceQuality "1"]

1. e4 c6 2. d4 d5 3. e5 Bf5 4. Nc3 Nd7 5. g4 Bg6 6. Nge2 e6 7. h4 h6 8. Be3 Be7 9. h5 Bh7 10. Qd2 f6 11. Nf4 Nf8 12. Nd3 Bxd3 13. Qxd3 Qc7 14. f4 0-0-0 15. 0-0-0 Nd7 16. f5 exf5 17. e6 Nf8 18. gxf5 Nh7 19. Ne2 Bd6 20. Kb1 Ne7 21. Bg2 Ng5 22. Rhf1 b5 23. c3 Kb7 24. b4 Ra8 25. Kb2 a5 26. a3 Ra6 27. Ra1 Rha8 28. Bd2 a4 29. Rae1 Re8 30. Qe3 Raa8 31. Nc1 Bg3 32. Re2 Nc8 33. Nd3 Nb6 34. Nc5+ Ka7 35. Qd3 Bd6 36. Be1 Nc4+ 37. Ka2 Bxc5 38. bxc5 Re7 39. Bg3 Qd8 40. Ree1 Rc8 41. Bf4 Ra8 42. Rh1 Ka6 43. Qg3 Raa7 44. Bd6 Re8 45. Bf4 Ree7 46. Rb1 Rab7 47. Qe1 Ka7 48. Bf1 Qc8 49. Bxc4 bxc4 50. Rb4 Rxb4 51. axb4 Ne4 52. Ka3 Ka8 53. Rh3 Qa6 54. Rh2 Qb7 55. Bd6 Re8 56. Rb2 Ng5 57. Qd1 Qa6 58. Qxa4 Qxa4+ 59. Kxa4 Kb7 60. b5 Ra8+ 61. Kb4 Ra7 62. b6 Ra8 63. e7 1-0

[Event "Condino op 12th"]
[Site "Condino"]
[Date "2012.07.22"]
[Round "2"]
[White "Innocenti, Luca"]
[Black "Sanzani, Pierluigi"]
[Result "1-0"]
[WhiteElo "2004"]
[BlackElo "1859"]
[PlyCount "37"]
[EventDate "2012.07.22"]
[EventType "swiss"]
[EventRounds "7"]
[EventCountry "ITA"]
[SourceTitle "CBM 149 Extra"]
[Source "ChessBase"]
[SourceDate "2012.08.24"]
[SourceVersion "1"]
[SourceVersionDate "2012.08.24"]
[SourceQuality "1"]

1. Nf3 Nf6 2. c4 g6 3. Nc3 c5 4. d4 cxd4 5. Nxd4 Bg7 6. e3 0-0 7. Be2 Nc6 8. 0-0 d6 9. b3 Bd7 10. Bb2 Ne8 11. Qd2 a6 12. Ne4 Qc7 13. Rac1 f5 14. Ng5 Nxd4 15. Bxd4 e5 16. Bc3 Qc6 17. Rfd1 Bf6 18. Nf3 Be7 19. Nxe5 1-0

[Event "Latschach op 27th"]
[Site "Latschach"]
[Date "2011.08.13"]
[Round "1"]
[White "Sanzani, Pierluigi"]
[Black "Trevisan, Luigi"]
[Result "1/2-1/2"]
[WhiteElo "1820"]
[BlackElo "2147"]
[PlyCount "67"]
[EventDate "2011.08.13"]
[EventType "swiss"]
[EventRounds "9"]
[EventCountry "AUT"]
[SourceTitle "CBM 143 Extra"]
[Source "ChessBase"]
[SourceDate "2011.08.29"]
[SourceVersion "1"]
[SourceVersionDate "2011.08.29"]
[SourceQuality "1"]

1. e4 g6 2. d4 Bg7 3. Nc3 d6 4. Be3 c6 5. Qd2 Nd7 6. h4 h5 7. Nh3 b5 8. f3 Nb6 9. Nf2 Nf6 10. Bd3 Nc4 11. Bxc4 bxc4 12. 0-0-0 Rb8 13. Rdg1 Qb6 14. Ncd1 Qb4 15. Qxb4 Rxb4 16. Nc3 Nd7 17. a3 Rb6 18. Nfd1 Ba6 19. g4 e6 20. gxh5 Rxh5 21. Rg5 Rxg5 22. hxg5 Kf8 23. f4 d5 24. e5 Kg8 25. Nf2 Rb8 26. Na4 Bf8 27. Ng4 Rd8 28. Bd2 Bb5 29. Ba5 Rc8 30. Nc3 Ba6 31. Na4 c3 32. b4 Be2 33. Rg1 Bf3 34. Nxc3 1/2-1/2

[Event "Condino op"]
[Site "Condino"]
[Date "2010.07.28"]
[Round "5"]
[White "Papa, Angelo"]
[Black "Sanzani, Pierluigi"]
[Result "0-1"]
[WhiteElo "1834"]
[BlackElo "1848"]
[PlyCount "70"]
[EventDate "2010.07.26"]
[EventType "swiss"]
[EventRounds "7"]
[EventCountry "ITA"]
[SourceTitle "CBM 137 Extra"]
[Source "ChessBase"]
[SourceDate "2010.09.01"]
[SourceVersion "1"]
[SourceVersionDate "2010.09.01"]
[SourceQuality "1"]

1. d4 g6 2. e4 Bg7 3. Nc3 d6 4. Be3 Nf6 5. Qd2 Ng4 6. Bg5 h6 7. Bh4 Nd7 8. h3 Ngf6 9. 0-0-0 c5 10. Nf3 cxd4 11. Nxd4 0-0 12. Bc4 a6 13. Bb3 b5 14. f4 Nc5 15. Bxf6 Nxb3+ 16. Nxb3 Bxf6 17. e5 Bg7 18. exd6 exd6 19. Qxd6 Qh4 20. Ne4 Bb7 21. g3 Qh5 22. Qe7 Bxe4 23. Qxe4 Rfe8 24. Qb7 Rab8 25. g4 Qh4 26. Qf3 Qf6 27. Nd4 Rbd8 28. c3 b4 29. Rhe1 Rxe1 30. Rxe1 bxc3 31. bxc3 Qd6 32. Rd1 Qa3+ 33. Kb1 Bxd4 34. Rxd4 Rb8+ 35. Rb4 Rxb4+ 0-1

[Event "Condino op"]
[Site "Condino"]
[Date "2010.07.27"]
[Round "3"]
[White "Sanzani, Pierluigi"]
[Black "Cesati Cassin, Giorgio"]
[Result "1-0"]
[WhiteElo "1848"]
[BlackElo "1592"]
[PlyCount "109"]
[EventDate "2010.07.26"]
[EventType "swiss"]
[EventRounds "7"]
[EventCountry "ITA"]
[SourceTitle "CBM 137 Extra"]
[Source "ChessBase"]
[SourceDate "2010.09.01"]
[SourceVersion "1"]
[SourceVersionDate "2010.09.01"]
[SourceQuality "1"]

1. e4 c5 2. Nf3 Nc6 3. d4 cxd4 4. Nxd4 g6 5. c4 Bg7 6. Be3 Nf6 7. Nc3 0-0 8. Be2 d6 9. 0-0 Bd7 10. Rc1 Qc8 11. f3 a6 12. b3 Nh5 13. Nd5 Qd8 14. f4 Nf6 15. Bf3 Nxd5 16. cxd5 Nxd4 17. Bxd4 b5 18. Bxg7 Kxg7 19. Qd4+ Kg8 20. Rf2 Rb8 21. Rfc2 Qb6 22. Qxb6 Rxb6 23. Rc7 Rd8 24. Kf2 e6 25. dxe6 Bxe6 26. R1c6 Rxc6 27. Rxc6 Bc8 28. Ke3 Kg7 29. Rc7 Re8 30. Kd4 Kf6 31. g4 h6 32. h4 Ke6 33. f5+ gxf5 34. gxf5+ Kf6 35. Kd5 Rd8 36. Bh5 Bd7 37. Ra7 Kg7 38. Rxa6 Be8 39. a4 Rc8 40. axb5 Bxb5 41. Rxd6 Rc3 42. Rb6 Rd3+ 43. Kc5 Bd7 44. Rd6 Rxd6 45. Kxd6 Bb5 46. Kc5 Bd3 47. Kd4 Bb5 48. b4 f6 49. Kc5 Bd3 50. Bf3 Kf7 51. b5 Bxb5 52. Kxb5 Ke7 53. Kc5 Kf7 54. Kd6 Kg7 55. Ke7 1-0

[Event "Condino op"]
[Site "Condino"]
[Date "2009.07.28"]
[Round "3"]
[White "Ravazzolo, Gildo"]
[Black "Sanzani, Pierluigi"]
[Result "0-1"]
[WhiteElo "1503"]
[BlackElo "1824"]
[PlyCount "92"]
[EventDate "2009.07.27"]
[EventType "swiss"]
[EventRounds "7"]
[EventCountry "ITA"]
[SourceTitle "CBM 131 Extra"]
[Source "ChessBase"]
[SourceDate "2009.09.03"]
[SourceVersion "2"]
[SourceVersionDate "2009.09.16"]
[SourceQuality "1"]

1. Nf3 Nf6 2. c4 g6 3. Nc3 Bg7 4. d3 0-0 5. e3 d6 6. Be2 c5 7. 0-0 Nc6 8. a3 Bd7 9. Rb1 a6 10. b3 Rb8 11. Qc2 b5 12. cxb5 axb5 13. Nd1 Qa5 14. Bb2 e5 15. e4 Rfc8 16. Qd2 Qb6 17. h3 Be6 18. Bc1 Na5 19. b4 Nb3 20. Qb2 cxb4 21. axb4 Nxc1 22. Rxc1 Bh6 23. Rxc8+ Rxc8 24. g4 Bc1 25. Qb1 Qa7 26. Nb2 Bf4 27. Kg2 Qa3 28. d4 Qxb4 29. d5 Bd7 30. Bd3 h6 31. Re1 Rc3 32. Bc2 Kg7 33. Nd3 Qxb1 34. Bxb1 g5 35. Nxf4 gxf4 36. Rd1 b4 37. Rd3 Nxe4 38. Rd1 Nc5 39. Nd2 Bb5 40. Ne4 Nxe4 41. Bxe4 b3 42. h4 Be2 43. Ra1 Bd3 44. f3 b2 45. Rb1 Bxb1 46. Bxb1 Rc1 0-1

[Event "Condino op"]
[Site "Condino"]
[Date "2009.07.27"]
[Round "1"]
[White "Sanzani, Pierluigi"]
[Black "Pandini, Claudio"]
[Result "1-0"]
[WhiteElo "1824"]
[BlackElo "1266"]
[PlyCount "87"]
[EventDate "2009.07.27"]
[EventType "swiss"]
[EventRounds "7"]
[EventCountry "ITA"]
[SourceTitle "CBM 131 Extra"]
[Source "ChessBase"]
[SourceDate "2009.09.03"]
[SourceVersion "2"]
[SourceVersionDate "2009.09.16"]
[SourceQuality "1"]

1. e4 c5 2. Nf3 Nc6 3. d4 b6 4. d5 Na5 5. Nc3 Nb7 6. Bf4 d6 7. Bb5+ Bd7 8. Bxd7+ Qxd7 9. 0-0 e5 10. dxe6 fxe6 11. Qe2 0-0-0 12. Rfd1 Nf6 13. Qa6 Kb8 14. Nb5 Na5 15. Bxd6+ Bxd6 16. Rxd6 Qe7 17. Rad1 Rxd6 18. Rxd6 Nxe4 19. Rxe6 Rd8 20. h3 Qf7 21. Rxe4 Qb7 22. Qxb7+ Kxb7 23. Re7+ Ka6 24. Nc7+ Kb7 25. Ne6+ Kc8 26. Nxd8 Kxd8 27. Rxa7 Nc4 28. b3 Nd6 29. Rxg7 h6 30. Rg6 Nf5 31. Rxb6 Kd7 32. Ne5+ Ke7 33. a4 Nd4 34. Nc6+ Nxc6 35. Rxc6 h5 36. a5 h4 37. a6 Kd7 38. Rxc5 Kd8 39. a7 Kd7 40. a8Q Kd6 41. Ra5 Kc7 42. Ra6 Kd7 43. Qb7+ Ke8 44. Ra8# 1-0

[Event "Bratto op-B 28th"]
[Site "Bratto"]
[Date "2008.08.25"]
[Round "3"]
[White "Quagliarella, Sabino Remo"]
[Black "Sanzani, Pierluigi"]
[Result "1-0"]
[WhiteElo "1925"]
[BlackElo "1853"]
[PlyCount "87"]
[EventDate "2008.08.23"]
[EventType "swiss"]
[EventRounds "9"]
[EventCountry "ITA"]
[SourceTitle "EXT 2011"]
[Source "ChessBase"]
[SourceDate "2010.11.26"]
[SourceVersion "1"]
[SourceVersionDate "2010.11.26"]
[SourceQuality "1"]

1. d4 g6 2. Nf3 Nf6 3. g3 Bg7 4. Bg2 0-0 5. 0-0 d5 6. Nbd2 c6 7. Re1 Bf5 8. h3 Ne4 9. Nf1 Qc8 10. g4 Be6 11. Ng5 f5 12. f3 Nxg5 13. Bxg5 fxg4 14. hxg4 Qc7 15. Qd2 Rf7 16. e4 dxe4 17. Rxe4 Bd5 18. Rf4 Rxf4 19. Bxf4 Qb6 20. c3 Nd7 21. Kh2 Rf8 22. Re1 Re8 23. a3 Qd8 24. Ng3 e5 25. Bg5 Bf6 26. Bh6 exd4 27. Rxe8+ Qxe8 28. cxd4 Nb6 29. Ne4 Bg7 30. Bxg7 Kxg7 31. Qf4 Qe7 32. Kg3 Nd7 33. g5 b6 34. Bh3 Bxe4 35. fxe4 Nf8 36. e5 Kg8 37. Qf6 Qc7 38. Kf4 Qf7 39. e6 Qc7+ 40. Qe5 Qe7 41. Ke4 h5 42. Qf6 Qd6 43. e7 Qd5+ 44. Kf4 1-0

[Event "Feffernitz Raika op 16th"]
[Site "Feffernitz"]
[Date "2007.08.23"]
[Round "6"]
[White "Fruehauf, Norbert"]
[Black "Sanzani, Pierluigi"]
[Result "1-0"]
[WhiteElo "1985"]
[BlackElo "1893"]
[PlyCount "49"]
[EventDate "2007.08.19"]
[EventType "swiss"]
[EventRounds "9"]
[EventCountry "AUT"]
[SourceTitle "EXT 2008"]
[Source "ChessBase"]
[SourceDate "2007.11.25"]
[SourceVersion "1"]
[SourceVersionDate "2007.11.25"]
[SourceQuality "1"]

1. e4 c5 2. c3 Nf6 3. e5 Nd5 4. d4 cxd4 5. Qxd4 e6 6. Nf3 Nc6 7. Qe4 Be7 8. Bd3 f5 9. exf6 Nxf6 10. Qh4 Qa5 11. Bg6+ Kd8 12. 0-0 Ne5 13. Nxe5 Qxe5 14. Bc2 Qh5 15. Qg3 Qg4 16. Qd3 b6 17. h3 Qh5 18. c4 Bb7 19. Nc3 Qe5 20. Rd1 Bc5 21. b3 Rf8 22. Bb2 Bxf2+ 23. Kh1 Qg5 24. Ne4 Bxe4 25. Bxf6+ 1-0

[Event "Bratto Gorgonzola op-B"]
[Site "Bratto"]
[Date "2006.08.27"]
[Round "8"]
[White "Tafur, Abel"]
[Black "Sanzani, Pierluigi"]
[Result "1-0"]
[WhiteElo "1966"]
[BlackElo "1892"]
[PlyCount "96"]
[EventDate "2006.08.20"]
[EventType "swiss"]
[EventRounds "8"]
[EventCountry "ITA"]
[SourceTitle "EXT 2008"]
[Source "ChessBase"]
[SourceDate "2007.11.25"]
[SourceVersion "1"]
[SourceVersionDate "2007.11.25"]
[SourceQuality "1"]

1. c4 g6 2. Nc3 Bg7 3. g3 Nf6 4. Bg2 d6 5. d4 0-0 6. Nf3 c6 7. 0-0 Nbd7 8. e4 e5 9. dxe5 dxe5 10. a4 Qe7 11. b3 Re8 12. Ba3 Nc5 13. Qc2 Bg4 14. a5 Bxf3 15. Bxf3 a6 16. Na4 Nfd7 17. Rad1 Bf8 18. Rxd7 Qxd7 19. Bxc5 Bxc5 20. Nxc5 Qe7 21. b4 Rab8 22. Rd1 b6 23. axb6 Rxb6 24. Qc3 Ra8 25. Kg2 h5 26. Rd7 Qg5 27. h4 Qf6 28. Bd1 Rab8 29. Ra7 Qd6 30. Nd3 R6b7 31. Rxa6 Rd8 32. Nc5 Re7 33. Ba4 Rc7 34. Bc2 Qe7 35. Nd3 f6 36. c5 Rd4 37. Ra8+ Kg7 38. Qb3 Rd8 39. Rxd8 Qxd8 40. Nb2 Qd2 41. Nc4 Qd4 42. Nd6 Ra7 43. Qe6 Qxb4 44. Bb3 Qb8 45. Ne8+ Kh6 46. Nxf6 Ra8 47. Bc4 Qf8 48. Qxe5 Qe7 1-0

[Event "Bratto Gorgonzola op-B"]
[Site "Bratto"]
[Date "2006.08.20"]
[Round "1"]
[White "Romano, Roberto"]
[Black "Sanzani, Pierluigi"]
[Result "0-1"]
[WhiteElo "1733"]
[BlackElo "1892"]
[PlyCount "80"]
[EventDate "2006.08.20"]
[EventType "swiss"]
[EventRounds "8"]
[EventCountry "ITA"]
[SourceTitle "EXT 2008"]
[Source "ChessBase"]
[SourceDate "2007.11.25"]
[SourceVersion "1"]
[SourceVersionDate "2007.11.25"]
[SourceQuality "1"]

1. e4 c5 2. d4 cxd4 3. c3 Nf6 4. e5 Nd5 5. Bc4 Qc7 6. Qe2 Nb6 7. Bb3 Nc6 8. Nf3 d5 9. exd6 Qxd6 10. 0-0 d3 11. Qe4 Qg6 12. Qxg6 hxg6 13. Be3 Bg4 14. Nbd2 Nd7 15. h3 Bxf3 16. Nxf3 e5 17. Rfe1 f6 18. Rad1 0-0-0 19. Rd2 a6 20. Red1 e4 21. Nd4 Nc5 22. f3 Nxb3 23. axb3 Nxd4 24. Bxd4 exf3 25. Rxd3 fxg2 26. Kxg2 Rh5 27. Rg3 g5 28. Re1 Bd6 29. Rge3 Rdh8 30. Re8+ Kd7 31. R8e3 g4 32. hxg4 Rh2+ 33. Kf3 Rxb2 34. c4 Rh3+ 35. Ke4 Rxb3 36. Rxh3 Rxh3 37. Rb1 Kc6 38. Rb6+ Kc7 39. Kd5 Rd3 40. Rb1 Be5 0-1

[Event "Latschach op 22nd"]
[Site "Latschach"]
[Date "2006.08.12"]
[Round "1"]
[White "Sanzani, Pierluigi"]
[Black "Posch, Werner"]
[Result "0-1"]
[WhiteElo "1892"]
[BlackElo "2262"]
[PlyCount "58"]
[EventDate "2006.08.12"]
[EventType "swiss"]
[EventRounds "9"]
[EventCountry "AUT"]
[SourceTitle "CBM 113 Extra"]
[Source "ChessBase"]
[SourceDate "2006.09.14"]
[SourceVersion "1"]
[SourceVersionDate "2006.09.14"]
[SourceQuality "1"]

1. e4 Nf6 2. e5 Nd5 3. c4 Nb6 4. d4 d6 5. exd6 cxd6 6. Nc3 g6 7. Be3 Bg7 8. Rc1 0-0 9. b3 f5 10. Nge2 e5 11. g3 Nc6 12. Bg2 f4 13. gxf4 exd4 14. Nxd4 Nxd4 15. Bxd4 Rxf4 16. Bxg7 Kxg7 17. Ne2 Rf7 18. 0-0 Qf6 19. Qd2 Bg4 20. Nd4 a6 21. a4 Rb8 22. Rc3 Nd7 23. Bd5 Re7 24. Rg3 Bh5 25. f4 Nc5 26. f5 Rf8 27. Qf2 Kh8 28. Ne6 Rfe8 29. Qd4 Rxe6 0-1

[Event "Cesenatico op 9th"]
[Site "Cesenatico"]
[Date "2004.09.11"]
[Round "8"]
[White "Sanzani, Pierluigi"]
[Black "Bernardini, Luca"]
[Result "1-0"]
[WhiteElo "1955"]
[BlackElo "1760"]
[PlyCount "111"]
[EventDate "2004.09.04"]
[EventType "swiss"]
[EventRounds "9"]
[EventCountry "ITA"]
[SourceTitle "EXT 2007"]
[Source "ChessBase"]
[SourceDate "2006.11.23"]
[SourceVersion "1"]
[SourceVersionDate "2006.11.23"]
[SourceQuality "1"]

1. e4 e5 2. Nf3 Nf6 3. Nxe5 d6 4. Nf3 Nxe4 5. d4 d5 6. Bd3 Bd6 7. 0-0 0-0 8. c4 c6 9. h3 Re8 10. Nc3 Nxc3 11. bxc3 dxc4 12. Bxc4 Be6 13. Bb3 h6 14. c4 b6 15. Bb2 Nd7 16. Qd2 Nf6 17. Rad1 Ne4 18. Qc1 Qc7 19. Ba1 Kh8 20. Qb2 f6 21. d5 cxd5 22. cxd5 Bf5 23. Ba4 Bd7 24. Rc1 Bc5 25. Bb3 Rac8 26. Nd4 Qd6 27. Rcd1 Ba3 28. Qb1 Bb4 29. Qd3 Nc3 30. Bc2 Ne4 31. f3 Rxc2 32. Qxc2 Ng3 33. Rf2 Bc5 34. Qc4 b5 35. Nxb5 Bxf2+ 36. Kxf2 Qb8 37. Nc7 Ne4+ 38. fxe4 Rxe4 39. Qxe4 Qxc7 40. Rd2 Qc5+ 41. Qd4 Qc1 42. Bb2 Qc7 43. d6 Qa5 44. Bc3 Qf5+ 45. Kg3 a5 46. Qd5 Qg6+ 47. Kh2 a4 48. Qa8+ Kh7 49. Qa7 Qf5 50. a3 Qf4+ 51. Kg1 Qf5 52. Bb4 Qb1+ 53. Kh2 Qf5 54. Qd4 Qf1 55. Qd3+ Qxd3 56. Rxd3 1-0

[Event "Cesenatico op 9th"]
[Site "Cesenatico"]
[Date "2004.09.07"]
[Round "4"]
[White "Sanzani, Pierluigi"]
[Black "Ori, Marco"]
[Result "0-1"]
[WhiteElo "1955"]
[BlackElo "2081"]
[PlyCount "104"]
[EventDate "2004.09.04"]
[EventType "swiss"]
[EventRounds "9"]
[EventCountry "ITA"]
[SourceTitle "EXT 2007"]
[Source "ChessBase"]
[SourceDate "2006.11.23"]
[SourceVersion "1"]
[SourceVersionDate "2006.11.23"]
[SourceQuality "1"]

1. e4 c6 2. d4 d5 3. e5 c5 4. c3 Nc6 5. Be3 cxd4 6. cxd4 Bf5 7. Bd3 Bxd3 8. Qxd3 Qb6 9. Nc3 e6 10. Nge2 Nge7 11. 0-0 Nf5 12. Nxd5 Qd8 13. Ndf4 Nb4 14. Qb3 Qd7 15. a3 Nd5 16. Nxd5 exd5 17. Nf4 0-0-0 18. Qc2+ Kb8 19. Nxd5 Nxe3 20. Nxe3 Qxd4 21. Rad1 Qb6 22. Nc4 Qc7 23. Rxd8+ Qxd8 24. Rd1 Qc7 25. Qe4 Be7 26. g3 Rd8 27. Rxd8+ Qxd8 28. Kg2 Kc7 29. Na5 Qa8 30. Qd5 f6 31. exf6 Bxf6 32. Qc5+ Kd7 33. Qd5+ Kc7 34. b4 Qc8 35. Nc4 Qd7 36. Qxd7+ Kxd7 37. f4 b5 38. Ne3 Bb2 39. Nc2 Ke6 40. Kf3 Kd5 41. Ne3+ Kd4 42. Nf5+ Kd3 43. Nd6 a6 44. Ne4 Bxa3 45. Nc5+ Kc4 46. Nxa6 Bxb4 47. g4 Bd6 48. h4 Kd5 49. g5 b4 50. Nxb4+ Bxb4 51. h5 Ke6 52. Ke4 g6 0-1

[Event "Padova op-A 5th"]
[Site "Padova"]
[Date "2002.12.15"]
[Round "2.19"]
[White "Ungaro, Olindo"]
[Black "Sanzani, Pierluigi"]
[Result "1-0"]
[WhiteElo "1863"]
[BlackElo "1630"]
[PlyCount "49"]
[EventDate "2002.12.14"]
[EventType "swiss"]
[EventRounds "6"]
[EventCountry "ITA"]
[SourceTitle "EXT 2023"]
[Source "ChessBase"]
[SourceDate "2022.10.05"]
[SourceVersion "1"]
[SourceVersionDate "2022.10.05"]
[SourceQuality "1"]

1. e4 c5 2. Nf3 Nc6 3. d4 cxd4 4. Nxd4 e6 5. Nc3 a6 6. a3 Qc7 7. f4 Nge7 8. Nf3 b5 9. Bd3 Bb7 10. 0-0 Na5 11. Qe2 Ng6 12. Ng5 Bc5+ 13. Kh1 0-0 14. Qh5 h6 15. Nxf7 Rxf7 16. Qxg6 Bd4 17. Ne2 Nc6 18. Nxd4 Nxd4 19. Be3 Rf6 20. Qh5 Nc6 21. e5 Rf7 22. Qg6 Ne7 23. Qh7+ Kf8 24. Qh8+ Ng8 25. Bh7 1-0

[Event "Porto Sant Elpidio op 4th"]
[Site "Porto Sant Elpidio"]
[Date "2001.11.04"]
[Round "6"]
[White "Sanzani, Pierluigi"]
[Black "Di Giovanni, Isidoro"]
[Result "1-0"]
[WhiteElo "1573"]
[BlackElo "1540"]
[PlyCount "159"]
[EventDate "2001.11.01"]
[EventType "swiss"]
[EventRounds "6"]
[EventCountry "ITA"]
[SourceTitle "EXT 2024"]
[Source "ChessBase"]
[SourceDate "2023.10.10"]
[SourceVersion "1"]
[SourceVersionDate "2023.10.10"]
[SourceQuality "1"]

1. e4 g6 2. d4 d6 3. Nc3 Bg7 4. Be3 a6 5. Qd2 Nf6 6. f3 b5 7. Bh6 0-0 8. Bxg7 Kxg7 9. g4 e5 10. 0-0-0 Nc6 11. Nge2 b4 12. Nd5 a5 13. h4 Nxd5 14. exd5 Nxd4 15. Nxd4 exd4 16. Qxd4+ Qf6 17. Bb5 Qxd4 18. Rxd4 f5 19. Rc4 Rf7 20. Re1 Bd7 21. Bc6 Bxc6 22. Rxc6 fxg4 23. fxg4 h5 24. gxh5 gxh5 25. Rg1+ Kh6 26. Rg5 Re8 27. Rc4 Re2 28. Kd1 Rh2 29. Rg1 Rf5 30. Rxc7 Rxh4 31. Rcg7 Rxd5+ 32. Ke2 Rg4 33. R1xg4 hxg4 34. Rxg4 Re5+ 35. Kd3 Kh5 36. Rg8 Rd5+ 37. Ke3 Rc5 38. Kd2 Rd5+ 39. Kc1 Rg5 40. Ra8 Kg4 41. a3 bxa3 42. bxa3 Rc5 43. Rb8 Kf4 44. Re8 Re5 45. Rd8 d5 46. c3 Ke4 47. Ra8 d4 48. Kd2 dxc3+ 49. Kxc3 Rc5+ 50. Kb3 Rb5+ 51. Kc4 Re5 52. a4 Ke3 53. Rc8 Re4+ 54. Kb5 Re5+ 55. Kb6 Kd4 56. Rc1 Kd3 57. Rc5 Re6+ 58. Kxa5 Kd4 59. Kb5 Re8 60. Rc6 Re5+ 61. Kb6 Re8 62. a5 Kd5 63. Rc7 Kd6 64. a6 Ra8 65. Rc1 Rb8+ 66. Ka7 Rb2 67. Ka8 Kd7 68. a7 Rb3 69. Rh1 Kc7 70. Rh7+ Kc8 71. Rh8+ Kc7 72. Rb8 Ra3 73. Rb4 Kc8 74. Rc4+ Kd7 75. Kb7 Rb3+ 76. Ka6 Ra3+ 77. Kb6 Rb3+ 78. Ka5 Rb1 79. a8Q Ra1+ 80. Ra4 1-0

[Event "Porto Sant Elpidio op 4th"]
[Site "Porto Sant Elpidio"]
[Date "2001.11.02"]
[Round "3"]
[White "Rinaudo, Claudio"]
[Black "Sanzani, Pierluigi"]
[Result "1-0"]
[WhiteElo "1696"]
[BlackElo "1573"]
[PlyCount "75"]
[EventDate "2001.11.01"]
[EventType "swiss"]
[EventRounds "6"]
[EventCountry "ITA"]
[SourceTitle "EXT 2024"]
[Source "ChessBase"]
[SourceDate "2023.10.10"]
[SourceVersion "1"]
[SourceVersionDate "2023.10.10"]
[SourceQuality "1"]

1. d4 g6 2. Nf3 Bg7 3. e4 d6 4. Bc4 Nf6 5. Qd3 d5 6. exd5 Nxd5 7. c3 0-0 8. Be3 Bf5 9. Qe2 c6 10. 0-0 Nd7 11. Nbd2 Re8 12. Bd3 Bxd3 13. Qxd3 e5 14. Rfe1 Nxe3 15. fxe3 Nf6 16. e4 Qd6 17. Nc4 Qc7 18. Ncxe5 Rad8 19. Qc2 c5 20. Rac1 Bh6 21. Rcd1 Bf4 22. Qf2 h5 23. g3 Bh6 24. h3 Bg7 25. Ng5 Re7 26. Nef3 Nd7 27. e5 f6 28. exf6 Nxf6 29. Ne6 Rxe6 30. Rxe6 Rf8 31. Kg2 cxd4 32. Qxd4 Kh7 33. Qd3 Qc5 34. Ne5 Ne4 35. Qxe4 Qf2+ 36. Kh1 Rf5 37. Rxg6 Bxe5 38. Rg5 1-0